00622nam a22001695i 4500001000700000003000900007005001700016008004100033040000800074100004100082245005200123260007200175300002200247852003800269999001900307952012600326164123ES-MaACL20251015063145.0950206s1890 sp |||| | spa d aCLM1 aRueda, Salvador, d1857-1933910051513aLa reja b: novela andaluza / cSalvador Rueda. aMadrid : b[s.n.], c1890 (fTipografía de Manuel G. Hernández) a251 p. ; c19 cm. aES-MaACLjF-10833 z-- Enc. pasta c164123d164123 001040708LIBXIXaATENEOMbATENEOMcSPP2d2008-01-17eSSCl0oF-10833p1172013r2023-02-23 00:00:00w2023-02-23yMONANT